000 00587nam a2200193Ia 4500
008 120823t2006 xxu||||| |||| 00| 0 sin d
041 _asin
080 _a8-31(Russian)
_bSHO
100 _aSholahow,Mihail
245 _aදොන් නදිය නිසලව ගලාබසී
246 _aDon Nadiya Nisalawa Galabasi
260 _aGodage
_aColombo
_c2006
300 _b cm
500 _aSinhalese Translation Of Mihail Sholahow's of Quiet Flows the Don
700 _aGamage,Mahinda Senarath
_etr.
942 _cBK
999 _c41239
_d41239
003 LK-CoDNM
040 _aLK-CoDNM
_dLK-CoDNM
_eLK-CoDNM